[Event "St Ingbert op"]
[Site "St Ingbert"]
[Date "1988.??.??"]
[Round "5"]
[White "Rassier, Bernd"]
[Black "Herber, Frank"]
[Result "0-1"]
[WhiteElo "1704"]
[BlackElo "1464"]
[PlyCount "70"]
[EventDate "1988.08.20"]
[EventType "swiss"]
[EventRounds "9"]
[EventCountry "GER"]
[SourceTitle "EXT 2002"]
[Source "ChessBase"]
[SourceDate "2001.11.25"]
[SourceVersion "1"]
[SourceVersionDate "2001.11.25"]
[SourceQuality "1"]

1. e4 Nf6 2. e5 Nd5 3. d4 d6 4. c4 Nb6 5. exd6 cxd6 6. Nf3 Bg4 7. b3 Nc6 8. Nbd2 Nxd4 9. Bb2 Nxf3+ 10. Nxf3 Nd7 11. Be2 Qa5+ 12. Nd2 Bxe2 13. Qxe2 Qg5 14. 0-0 Nf6 15. Nf3 Qh5 16. Rad1 e6 17. Ba3 Ng4 18. Bxd6 Bxd6 19. Rxd6 Nxh2 20. Nd4 Qxe2 21. Nxe2 Nxf1 22. Kxf1 Ke7 23. Rd4 Rad8 24. Ke1 Rxd4 25. Nxd4 h5 26. a4 Rd8 27. Ne2 h4 28. Nf4 g5 29. Ne2 h3 30. gxh3 Rd3 31. Nc1 Rxh3 32. Kd2 Kd6 33. b4 b6 34. Nd3 f5 35. Ke2 Rxd3 0-1

[Event "St Ingbert op"]
[Site "St Ingbert"]
[Date "1988.??.??"]
[Round "3"]
[White "Rassier, Bernd"]
[Black "Mazorkiewicz, Cas"]
[Result "0-1"]
[WhiteElo "1704"]
[BlackElo "1936"]
[PlyCount "76"]
[EventDate "1988.08.20"]
[EventType "swiss"]
[EventRounds "9"]
[EventCountry "GER"]
[SourceTitle "EXT 2002"]
[Source "ChessBase"]
[SourceDate "2001.11.25"]
[SourceVersion "1"]
[SourceVersionDate "2001.11.25"]
[SourceQuality "1"]

1. e4 c5 2. Nf3 d6 3. d4 cxd4 4. Nxd4 Nf6 5. Nc3 a6 6. Be2 e5 7. Nb3 b5 8. a3 Bb7 9. Bg5 Nbd7 10. 0-0 Be7 11. f3 Qb6+ 12. Kh1 h6 13. Bh4 0-0 14. Bf2 Qc7 15. Qd2 Nb6 16. Na5 Bc8 17. Rad1 Be6 18. Qd3 Rab8 19. Nb3 Na4 20. Nxa4 bxa4 21. Na1 Rxb2 22. Rb1 Rxb1 23. Rxb1 d5 24. Qxa6 dxe4 25. fxe4 Ng4 26. Qa7 Nxf2+ 27. Qxf2 Bxa3 28. Qf1 Rb8 29. Rxb8+ Qxb8 30. Bb5 Qa7 31. Qd1 Bb2 32. c4 Qd4 33. Qxd4 exd4 34. Nc2 d3 35. Nb4 a3 36. c5 d2 37. Be2 Kf8 38. c6 Ke7 0-1